|
|
|
|
| LEADER |
02100nam a2200493 i 4500 |
| 001 |
EBC3430677 |
| 003 |
MiAaPQ |
| 005 |
20200520144314.0 |
| 006 |
m o d | |
| 007 |
cr cnu|||||||| |
| 008 |
150525t20162016hiua ob 001 0 eng d |
| 020 |
|
|
|z 9781623200305
|
| 020 |
|
|
|a 9781623200695 (e-book)
|
| 035 |
|
|
|a (MiAaPQ)EBC3430677
|
| 035 |
|
|
|a (Au-PeEL)EBL3430677
|
| 035 |
|
|
|a (CaPaEBR)ebr11056031
|
| 035 |
|
|
|a (CaONFJC)MIL788164
|
| 035 |
|
|
|a (OCoLC)909028085
|
| 040 |
|
|
|a MiAaPQ
|b eng
|e rda
|e pn
|c MiAaPQ
|d MiAaPQ
|
| 043 |
|
|
|a a-cc---
|
| 050 |
|
4 |
|a HC427
|b .C446 2016
|
| 082 |
0 |
|
|a 330.951
|2 23
|
| 100 |
1 |
|
|a Chen, Yulu,
|e author.
|
| 245 |
1 |
0 |
|a Major issues and policies in China's financial reform.
|n Volume 1 /
|c Yulu Chen, Qingwang Guo ; translated by Barbara Cao ; edited by Barbara Cao and Phoebe Poon.
|
| 250 |
|
|
|a English edition.
|
| 264 |
|
1 |
|a Honolulu, Hawaii :
|b Enrich Professional Publishing,
|c 2016.
|
| 264 |
|
4 |
|c 2016
|
| 300 |
|
|
|a 1 online resource (201 pages) :
|b illustrations, tables
|
| 336 |
|
|
|a text
|2 rdacontent
|
| 337 |
|
|
|a computer
|2 rdamedia
|
| 338 |
|
|
|a online resource
|2 rdacarrier
|
| 504 |
|
|
|a Includes bibliographical references and index.
|
| 588 |
|
|
|a Description based on online resource; title from PDF title page (ebrary, viewed May 25, 2015).
|
| 590 |
|
|
|a Electronic reproduction. Ann Arbor, MI : ProQuest, 2015. Available via World Wide Web. Access may be limited to ProQuest affiliated libraries.
|
| 650 |
|
0 |
|a Finance
|z China.
|
| 650 |
|
0 |
|a Monetary policy
|z China.
|
| 651 |
|
0 |
|a China
|x Economic policy
|y 2000-
|
| 655 |
|
4 |
|a Electronic books.
|
| 700 |
1 |
|
|a Poon, Phoebe,
|e editor.
|
| 700 |
1 |
|
|a Cao, Barbara,
|e translator,
|e editor.
|
| 700 |
1 |
|
|a Guo, Qingwang,
|d 1964-
|e author.
|
| 776 |
0 |
8 |
|i Print version:
|a Chen, Yulu.
|t Major issues and policies in China's financial reform. Volume 1.
|b English edition.
|d Honolulu, Hawaii : Enrich Professional Publishing, c2016
|h viii, 191 pages
|z 9781623200305
|
| 797 |
2 |
|
|a ProQuest (Firm)
|
| 856 |
4 |
0 |
|u https://ebookcentral.proquest.com/lib/matrademy/detail.action?docID=3430677
|z Click to View
|